000 00596nam a2200229Ia 4500
003 OSt
005 20220924120937.0
006 a|||||r|||| 00| 0
007 ta
008 220923b |||||||| |||| 00| 0 urd d
024 _a320203
037 _cTextual
040 _aARTS
_cARTS
_burd
041 _2urd
_aurd
082 _aP168:3, F6
100 _aAbdul Haq Au.
_91299
245 0 _aUrdu qawaid
260 _aDelhi
_bTaj publishers India
_c1926
650 _aURDU LANGUAGE - GRAMMAR
942 _hP168:3, F6
_cTEXL
_2CC
999 _c405094
_d405094